| 000 | 00457nam a22001577a 4500 | ||
|---|---|---|---|
| 003 | OSt | ||
| 005 | 20260123111506.0 | ||
| 008 | 260123b |||||||| |||| 00| 0 eng d | ||
| 040 | _cMRSPTU | ||
| 041 | _aEnglish | ||
| 100 | _aGagandeep Kaur, Supervisor: Abhilasha | ||
| 245 | _aFingerprint Matching using Enhanced Minutiae Singular Point Network | ||
| 260 |
_bDepartment of CSE, MRSPTU, Bathinda _c2016 |
||
| 650 | _aComputer Science | ||
| 942 |
_2ddc _cTH _n0 |
||
| 999 |
_c10724 _d10724 |
||